000 00652nam a22002177a 4500
005 20170124110104.0
010 _a529467
020 _c00.00
_a340025425
035 _a529467
037 _bCen Lib/Ret
040 _aDPL
_bEN
082 _a954.084
_bCRO
100 _aCross, Colin
_927745
245 _aThe fall of the british empire :
_cby Colin Cross
_b1918-1968 /
260 _bHodder and Stoughton
_c1968
_aLondon
300 _a359p. :
_c21cm(Hb)
_bill.
500 _aIncludes index
650 _aGreat Britain -- History -- 20th century
_927746
650 _aCommonwealth of Nations
_927747
942 _2ddc
_cEN
_h954.084
_mCRO
999 _c129910
_d129910